Edmund Burke esztétikája és az európai felvilágosodás
Elmentve itt :
| További közreműködők: | |
|---|---|
| Adatforrás: | Philobibl |
| Dokumentumtípus: | Könyv |
| Nyelv: | magyar |
| Kulcsszavak: | Burke Edmund esztétika kulturális hatás politikai eszme felvilágosodás filozófia, angol, 18. sz. |
| Megjelent: |
Budapest
Ráció
2011
|
| LEADER | 02755nam a2200361 c 4500 | ||
|---|---|---|---|
| 001 | bibPHI0042467 | ||
| 005 | 20200924124738.1 | ||
| 008 | 110929s2011 hu b 00100 hun d | ||
| 245 | 0 | 0 | |a Edmund Burke esztétikája és az európai felvilágosodás |c szerk. Horkay Hörcher Ferenc és Szilágyi Márton |
| 260 | |a Budapest |b Ráció |c 2011 | ||
| 300 | |a 332 p. | ||
| 505 | 0 | 0 | |g 1. |t A burke-i fenséges fogalma a francia szenvedélyelméletek tükrében |r Bartha-Kovács Katalin. - |g 2. |t A társas lét és a fenséges |r Radnóti Sándor. - |g 3. |t A fenséges zsarnoksága. Edmund Burke új esztétikai paradigmájának kontextusai |r Horkay Hörcher Ferenc. - |g 4. |t Edmund Burke a nyelvről |r Hankovszky Anikó. - |g 5. |t Változatok a régi rend civilizációjának témájára. Gondolatok és töredékek a Töprengések német recepciójáról |r Kontler László. - |g 6. |t A fenséges kerülése az angol romantika esszéistáinál |r Gárdos Bálint. - |g 7. |t Edmund Burke és az angol modernizmus. William Butler Yeats Burke-értelmezése: identitás és kulturális emlékezet |r Péter Ágnes. - |g 8. |t Egy lábjegyzet tanulságai. Burke esztétika- és társadalomelméletének hatása Szerdahely György Alajos aesthetica- és Schedius Lajos philokália -koncepciójára |r Balogh Piroska. - |g 9. |t Az 'aesthetica' fogalma és a Magyar Museum programja |r Debreczeni Attila. - |g 10. |t "az ebatta aestheticája, az Erdeljbe be ne jöjjön, mert eddig is eléltünk a nélkül." Az ízlésfogalom és az esztétika önállósodásának erdélyi történetéhez |r Keszeg Anna. - |g 11. |t "Oltár és trónus a föld két kincse." Edmund Burke esztétikai és politikai nézetei Kis János műveinek kontextusában |r Tóth Kálmán. - |g 12. |t Burke és a magyar "protokonzervatívok". Politikai diskurzustörténeti esettanulmány |r Szűcs Zoltán Gábor. - |g 13. |t Votum separatum. Gróf Dessewfy József, a sajtószabadság és az angol példa |r Vaderna Gábor. - |g 14. |t Az undorító és a fenséges |r Bazsányi Sándor. - |g 15. |t "...mintha e világ határain túlra..." Burke és a fenséges a mai művészetekben |r Tillmann J. A. |
| 695 | |a Burke Edmund | ||
| 695 | |a esztétika | ||
| 695 | |a kulturális hatás | ||
| 695 | |a politikai eszme | ||
| 695 | |a felvilágosodás | ||
| 695 | |a filozófia, angol, 18. sz. | ||
| 700 | 2 | |a Bartha-Kovács Katalin | |
| 700 | 1 | |a Radnóti Sándor | |
| 700 | 2 | |a Horkay Hörcher Ferenc | |
| 700 | 1 | |a Hankovszky Anikó | |
| 700 | 1 | |a Kontler László | |
| 700 | 1 | |a Gárdos Bálint | |
| 700 | 1 | |a Péter Ágnes | |
| 700 | 1 | |a Balogh Piroska | |
| 700 | 1 | |a Debreczeni Attila | |
| 700 | 1 | |a Keszeg Anna | |
| 700 | 1 | |a Tóth Kálmán | |
| 700 | 1 | |a Szűcs Zoltán Gábor | |
| 700 | 1 | |a Vaderna Gábor | |
| 700 | 1 | |a Bazsányi Sándor | |
| 700 | 1 | |a Tillmann J. A. | |